LEADER 01281cam--2200373---450- 001 990005783990203316 005 20140828122227.0 010 $a978-1-107-00597-6 035 $a000578399 035 $aUSA01000578399 035 $a(ALEPH)000578399USA01 035 $a000578399 100 $a20121123d2012----km-y0itay50------ba 101 $aeng 102 $aGB 105 $a||||||||001yy 200 1 $aArmed conflict and displacement$ethe protection of refugees and displaced persons under international humanitarian law$fMélanie Jacques 210 $aCambridge$cCambridge University press$d2012 215 $aXL, 280 p.$d23 cm 225 2 $aCambrige Studies in International and Comparative Law 410 0$12001$aCambrige Studies in International and Comparative Law 606 0 $aRifugiati$xDiritto internazionale$2BNCF 676 $a341.486$v22 700 1$aJACQUES,$bMélanie$0616094 801 0$aIT$bsalbc$gISBD 912 $a990005783990203316 951 $aXXIII.1.M. 566$b74992 G.$cXXIII.1.M.$d00317733 959 $aBK 969 $aGIU 979 $aCHIARA$b90$c20121123$lUSA01$h1525 979 $aCHIARA$b90$c20121128$lUSA01$h1408 979 $aCHIARA$b90$c20140828$lUSA01$h1222 996 $aArmed conflict and displacement$91081267 997 $aUNISA LEADER 01812nam 2200361 n 450 001 996394354103316 005 20200824121726.0 035 $a(CKB)4940000000120825 035 $a(EEBO)2264214439 035 $a(UnM)99835967e 035 $a(UnM)99835967 035 $a(EXLCZ)994940000000120825 100 $a19900820d1630 uy | 101 0 $aeng 135 $aurbn||||a|bb| 200 04$aThe mystery of selfe-deceiuing: or, A discourse and discouery of the deceitfulnesse of mans heart. Written by the late faithfull minister of Gods Word Daniel Dyke, Batchelor in Diuinitie. Published since his death, by his brother I.D. minister of Gods word$b[electronic resource] 205 $aAnd now by him augmented and inlarged, and therevnto two exquisite tables added, enlightening much the whole treatise. 210 $aLondon $cPrinted by William Stansby, and are to bee sold by Richard Higgenbotham, in Pauls Church-yard, at the signe of the white Lyon$d1630 215 $a[14], 288, 277-308, 321-438, [24] p 300 $aEditor's dedication signed: Ier. Dyke. 300 $aRunning title reads: The deceitfulnesse of mans heart. 300 $aReproduction of the original in the Union Theological Seminary (New York, N.Y.). Library. 330 $aeebo-0160 700 $aDyke$b Daniel$fd. 1614.$01004969 701 $aDyke$b Jeremiah$f1584-1639.$01001094 801 0$bCu-RivES 801 1$bCu-RivES 801 2$bCStRLIN 801 2$bWaOLN 906 $aBOOK 912 $a996394354103316 996 $aThe mystery of selfe-deceiuing: or, A discourse and discouery of the deceitfulnesse of mans heart. Written by the late faithfull minister of Gods Word Daniel Dyke, Batchelor in Diuinitie. Published since his death, by his brother I.D. minister of Gods Word$92313658 997 $aUNISA